| 000 | 00435nam a2200157Ia 4500 | ||
|---|---|---|---|
| 001 | 64586 | ||
| 008 | 210408n ii |||gr||||Z||||||465 | ||
| 020 | _a9789386479495 | ||
| 082 | _a632.9 | ||
| 100 |
_aSingh, R.S., _eAuthor., |
||
| 245 | 0 |
_aPlant diseases _cR.S. Singh _hTextual Documents |
|
| 250 | _a10th ed. | ||
| 260 |
_aNew Delhi: _bScientific International Pvt. Ltd., _c2018. |
||
| 300 |
_axxiii, 821 p.: _c25 c. |
||
| 942 |
_2ddc _cBK |
||
| 999 |
_c65686 _d65686 |
||